Central Library OPAC University of Rajshahi

Clinical epidemiology : (Record no. 36923)

MARC details
000 -LEADER
fixed length control field 01566nam a22003614a 4500
001 - CONTROL NUMBER
control field 36923
003 - CONTROL NUMBER IDENTIFIER
rucl marc code BD-RjUL
005 - DATE AND TIME OF LATEST TRANSACTION
control field 20211209052546.0
008 - FIXED-LENGTH DATA ELEMENTS--GENERAL INFORMATION
fixed length control field 140923s2009 maua b 001 0 eng
020 ## - INTERNATIONAL STANDARD BOOK NUMBER
International Standard Book Number 9780763753153
International Standard Book Number 0763753157
035 ## - SYSTEM CONTROL NUMBER
System control number (BD-RjUL)
040 ## - CATALOGING SOURCE
Original cataloging agency DNLM/DLC
Transcribing agency DLC
Modifying agency NLM
-- BAKER
-- BTCTA
-- YDXCP
-- C#P
-- BWX
-- DLC
-- BD-RjUL
Language of cataloging eng
041 ## - LANGUAGE CODE
Language code of text/sound track or separate title eng
060 00 - NATIONAL LIBRARY OF MEDICINE CALL NUMBER
Classification number 2008 E-902
Classification number WA 950
Item number G873c 2009
082 00 - DEWEY DECIMAL CLASSIFICATION NUMBER
Classification number 614.4
Edition number 22
Author mark and year GRC 2009
100 1# - MAIN ENTRY--PERSONAL NAME
Personal name Grobbee, D. E.
9 (RLIN) 112738
245 10 - TITLE STATEMENT
Title Clinical epidemiology :
Remainder of title principles, methods, and applications for clinical research /
Statement of responsibility, etc. Diederick E. Grobbee, Arno W. Hoes.
260 ## - PUBLICATION, DISTRIBUTION, ETC. (IMPRINT)
Place of publication, distribution, etc. Sudbury, Mass. :
Name of publisher, distributor, etc. Jones and Bartlett Publishers,
Date of publication, distribution, etc. c2009.
300 ## - PHYSICAL DESCRIPTION
Pagination xxii, 413 p. :
Illustrations ill. ;
Size 23 cm.
504 ## - BIBLIOGRAPHY, ETC. NOTE
Bibliography, etc Includes bibliographical references (p. 357-379) and index.
505 0# - FORMATTED CONTENTS NOTE
Formatted contents note Etiologic research -- Diagnostic research -- Prognostic research -- Intervention research: intended effects -- Intervention research: side effects -- Design of data collection -- Cohort and cross-sectional studies -- Case-control studies -- Randomized trials -- Meta-analyses -- Clinical epidemiologic data analysis.
650 #0 - SUBJECT ADDED ENTRY--TOPICAL TERM
Topical term or geographic name as entry element Clinical epidemiology.
9 (RLIN) 112739
Topical term or geographic name as entry element Epidemiologic Methods.
9 (RLIN) 112740
Topical term or geographic name as entry element Epidemiologic Factors.
9 (RLIN) 112741
Topical term or geographic name as entry element Prognosis.
9 (RLIN) 112742
700 1# - ADDED ENTRY--PERSONAL NAME
Personal name Hoes, Arno W.
856 41 - ELECTRONIC LOCATION AND ACCESS
Materials specified Table of contents only
Uniform Resource Identifier <a href="http://www.loc.gov/catdir/toc/ecip086/2007050241.html">http://www.loc.gov/catdir/toc/ecip086/2007050241.html</a>
942 ## - ADDED ENTRY ELEMENTS (KOHA)
Source of classification or shelving scheme Dewey Decimal Classification
Koha item type Books
Holdings
Lost status Source of classification or shelving scheme Damaged status Not for loan Permanent Location Current Location Shelving location Date acquired Source of acquisition Cost, normal purchase price Total Checkouts Full call number Date last seen Copy number Koha item type
  Dewey Decimal Classification   Not For Loan Institute of Biological Sciences (IBSc) Library Institute of Biological Sciences (IBSc) Library   23/09/2014 Karim International 3200.00   614.4 GRC 2009 23/09/2014 C-1 Books